Philosophy of Islamic Law And The Orientalists: (Record no. 194961)

MARC details
000 -LEADER
fixed length control field 00570nam a22001817a 4500
005 - DATE AND TIME OF LATEST TRANSACTION
control field 20230203103504.0
010 ## - LCCN (DPL NO)
LC control number ENG-136112
020 ## - INTERNATIONAL STANDARD BOOK NUMBER
Terms of availability 100.00
035 ## - SYSTEM CONTROL NUMBER
System control number EN-119644
037 ## - SOURCE OF ACQUISITION
Source of stock number/acquisition DBAD/PUB
082 ## - DEWEY DECIMAL CLASSIFICATION NUMBER
Classification number 270
100 ## - MAIN ENTRY--PERSONAL NAME
Personal name Muslehuddin, Muhammad
245 ## - TITLE STATEMENT
Title Philosophy of Islamic Law And The Orientalists:
Remainder of title A Comparative Study of Islamic Legal System/
Statement of responsibility, etc Muhammad Muslehuddin
260 ## - PUBLICATION, DISTRIBUTION, ETC. (IMPRINT)
Place of publication, distribution, etc Delhi
Name of publisher, distributor, etc Markazi Maktaba Islami
Date of publication, distribution, etc 1985
270 ## - ADDRESS
Address 1353, Chitli Qabr
City Delhi
Postal code 110006
300 ## - PHYSICAL DESCRIPTION
Extent xi, 302p.
Dimensions 22cm(hbk)
942 ## - ADDED ENTRY ELEMENTS (KOHA)
Source of classification or shelving scheme Dewey Decimal Classification
Item type English Books
Classification part 270
Call number suffix MUS
Holdings
Withdrawn status Lost status Not for loan Collection code Home library Current library Date acquired Source of acquisition Cost, normal purchase price Full call number Barcode Copy number Cost, replacement price Koha item type
      Non-fiction Peshwa Road Peshwa Road 03/02/2023 DBAD/PUB 100.00 270 MUS EN-119644 1 100.00 English Books

© Delhi Public Library
Hit Counter
free hit counter